Normal view
MARC view
- محمد،سماح رافع
Entry Personal Name
001 - CONTROL NUMBER
- control field: 19995
003 - CONTROL NUMBER IDENTIFIER
- control field: JO-AjAnu
005 - DATE AND TIME OF LATEST TRANSACTION
- control field: 20230606073502.0
008 - FIXED-LENGTH DATA ELEMENTS
- fixed length control field: 230606|| aca||aabn | a|a d
040 ## - CATALOGING SOURCE
- Original cataloging agency: JO-AjAnu
- Transcribing agency: JO-AjAnu
100 ## - HEADING--PERSONAL NAME
- Personal name: محمد،سماح رافع
670 ## - SOURCE DATA FOUND
- Source citation: Work cat.: (JO-AjAnu)10267: محمد،سماح رافع, author, تدريس المواد الفلسفية في التعليم الثانوي في مصر والدول العربية: طرقه ووسائله وإعداد معلميه